[Event "AUT-ch U16 Online Rapid"]
[Site "Playchess.com INT"]
[Date "2020.12.13"]
[Round "5"]
[White "Manukyan, Sem"]
[Black "Maier, Marco"]
[Result "1/2-1/2"]
[WhiteElo "1503"]
[BlackElo "1385"]
[PlyCount "128"]
[EventDate "2020.12.13"]
[EventType "swiss (rapid)"]
[EventRounds "7"]
[EventCountry "AUT"]
[SourceTitle "EXT 2022"]
[Source "ChessBase"]
[SourceDate "2021.10.06"]
[SourceVersion "1"]
[SourceVersionDate "2021.10.06"]
[SourceQuality "1"]

1. d4 d5 2. c4 e6 3. Nc3 Nf6 4. cxd5 exd5 5. Bg5 Be7 6. e3 0-0 7. Bd3 c5 8. Nf3 Nc6 9. 0-0 h6 10. Bh4 a6 11. dxc5 Bxc5 12. Bxf6 Qxf6 13. Nxd5 Qxb2 14. Nc7 Rb8 15. Rb1 Qxa2 16. Nxa6 bxa6 17. Rc1 Qa3 18. Qc2 Be7 19. Ra1 Qb3 20. Bh7+ Kh8 21. Qxc6 Kxh7 22. Qe4+ g6 23. Rab1 Qxb1 24. Qxe7 Qb7 25. Qxf8 Bg4 26. Qd6 Bxf3 27. gxf3 Qb6 28. Qf4 Qe6 29. Rd1 Rb5 30. Rd6 Qf5 31. Qxf5 Rxf5 32. Rxa6 Rxf3 33. Kg2 Rf5 34. Kg3 h5 35. e4 Rg5+ 36. Kf3 Kg7 37. Rc6 Rb5 38. Kf4 Rb2 39. Kf3 Rb3+ 40. Kg2 Rb4 41. f3 Rb2+ 42. Kg3 Rb5 43. h4 f6 44. Rc7+ Kh6 45. Rf7 Rb6 46. f4 Rb3+ 47. Kf2 Rb4 48. Ke3 Rb3+ 49. Kd4 Rh3 50. Rxf6 Rxh4 51. e5 Kg7 52. Ke4 Rg4 53. Ra6 h4 54. Kf3 Rg3+ 55. Kf2 Rd3 56. Rd6 Rxd6 57. exd6 Kf7 58. d7 Ke7 59. d8Q+ Kxd8 60. Kg2 Ke7 61. Kh3 Kf6 62. Kxh4 Kf5 63. Kg3 g5 64. fxg5 Kxg5 1/2-1/2

[Event "AUT-ch U16 Online Blitz"]
[Site "Playchess.com INT"]
[Date "2020.12.11"]
[Round "2"]
[White "Manukyan, Sem"]
[Black "Rosol, Alexander"]
[Result "0-1"]
[WhiteElo "1569"]
[BlackElo "1795"]
[PlyCount "86"]
[EventDate "2020.12.11"]
[EventType "swiss (blitz)"]
[EventRounds "7"]
[EventCountry "AUT"]
[SourceTitle "EXT 2022"]
[Source "ChessBase"]
[SourceDate "2021.10.06"]
[SourceVersion "1"]
[SourceVersionDate "2021.10.06"]
[SourceQuality "1"]

1. d4 Nf6 2. c4 g6 3. Nc3 Bg7 4. e4 d6 5. f4 0-0 6. Nf3 c5 7. d5 e6 8. Be2 exd5 9. exd5 a6 10. a4 Bf5 11. 0-0 Nbd7 12. Bd3 Bxd3 13. Qxd3 Re8 14. Bd2 Nf8 15. Rae1 Qd7 16. Bc1 h5 17. Bd2 Ng4 18. h3 Nh6 19. b3 Nf5 20. Ne4 Nh7 21. Bc3 Re7 22. Bxg7 Kxg7 23. Qc3+ f6 24. Neg5 Rf8 25. Ne6+ Kf7 26. Nxf8 Nxf8 27. Rxe7+ Qxe7 28. Re1 Qd7 29. Ng5+ fxg5 30. fxg5 Kg8 31. g4 hxg4 32. hxg4 Nd4 33. Qh3 Qg7 34. Kg2 Nd7 35. Qe3 Ne5 36. Rf1 Kh7 37. Rh1+ Kg8 38. Qf4 Qf7 39. Qxf7+ Nxf7 40. Re1 Ne5 41. Kg3 Kg7 42. Kf4 Nd3+ 43. Ke3 Nxe1 0-1

[Event "AUT-ch U16 Online Blitz"]
[Site "Playchess.com INT"]
[Date "2020.12.11"]
[Round "1"]
[White "Pernerstorfer, Moritz"]
[Black "Manukyan, Sem"]
[Result "0-1"]
[WhiteElo "1614"]
[BlackElo "1620"]
[PlyCount "82"]
[EventDate "2020.12.11"]
[EventType "swiss (blitz)"]
[EventRounds "7"]
[EventCountry "AUT"]
[SourceTitle "EXT 2022"]
[Source "ChessBase"]
[SourceDate "2021.10.06"]
[SourceVersion "1"]
[SourceVersionDate "2021.10.06"]
[SourceQuality "1"]

1. e4 c5 2. Nc3 Nc6 3. f4 g6 4. Nf3 Bg7 5. Bc4 e6 6. 0-0 Nge7 7. Be2 d5 8. d3 0-0 9. e5 a6 10. a4 Nf5 11. g4 Nfd4 12. Nxd4 Nxd4 13. Be3 Nxe2+ 14. Nxe2 d4 15. Bd2 b6 16. Ng3 Bb7 17. Qe2 Rc8 18. f5 exf5 19. gxf5 Re8 20. f6 Bh8 21. Rae1 Qd5 22. Bf4 c4 23. Qe4 Qd7 24. Qe2 cxd3 25. Qxd3 Rc5 26. Re2 Rec8 27. Rfe1 Ba8 28. e6 fxe6 29. Rxe6 Rxc2 30. R6e2 Rxe2 31. Qxe2 Qd5 32. Qe6+ Qxe6 33. Rxe6 Kf7 34. Rxb6 Bxf6 35. Rxa6 d3 36. Ra7+ Ke6 37. Kf2 Rd8 38. Bd2 Bd4+ 39. Ke1 Bxa7 40. Ne4 Bc5 41. Nc3 Bb4 0-1